Online katalóg knižníc regiónu Turca

Dve ženy (Record no. 22403)

MARC details
000 -LEADER
fixed length control field 01185cam a2200361 a 4500
001 - CONTROL NUMBER
control field 22403
003 - CONTROL NUMBER IDENTIFIER
control field SK-KTurca
005 - DATE AND TIME OF LATEST TRANSACTION
control field 20260327152524.0
008 - FIXED-LENGTH DATA ELEMENTS--GENERAL INFORMATION
fixed length control field 240226s1992 xo gr 000 f slo
015 ## - NATIONAL BIBLIOGRAPHY NUMBER
National bibliography number SNBA1993/02
020 ## - INTERNATIONAL STANDARD BOOK NUMBER
International Standard Book Number 8090042287
Qualifying information (viazané)
035 ## - SYSTEM CONTROL NUMBER
System control number SNK000013357
040 ## - CATALOGING SOURCE
Original cataloging agency SNK
Language of cataloging slo
Transcribing agency SNK
Description conventions AACR2
041 1# - LANGUAGE CODE
Language code of text/sound track or separate title slo
Language code of original ger
044 ## - COUNTRY OF PUBLISHING/PRODUCING ENTITY CODE
MARC country code xo
ISO country code SK
072 #7 - SUBJECT CATEGORY CODE
Subject category code 821.112.2-3
Subject category code subdivision Nemecká próza, nemecky písaná
Source konspekt
080 ## - UNIVERSAL DECIMAL CLASSIFICATION NUMBER
Universal Decimal Classification number 830-3
Edition identifier 1997
080 ## - UNIVERSAL DECIMAL CLASSIFICATION NUMBER
Universal Decimal Classification number 821.112.2-31
Edition identifier 2011
080 ## - UNIVERSAL DECIMAL CLASSIFICATION NUMBER
Universal Decimal Classification number (0:82-311.1)
Edition identifier 2011
100 1# - MAIN ENTRY--PERSONAL NAME
Personal name Hellmann, Diana Beate,
Dates associated with a name 1957-2019
Relationship aut
240 10 - UNIFORM TITLE
Uniform title Zwei Frauen
Language of a work Slovensky
245 10 - TITLE STATEMENT
Title Dve ženy
Remainder of title bestseller
Statement of responsibility, etc. Diana Beate Hellmannová ; z nemeckého originálu Zwei Frauen ... preložili Viera Juríčková a Silvia Smidová
250 ## - EDITION STATEMENT
Edition statement 1. vyd.
260 ## - PUBLICATION, DISTRIBUTION, ETC.
Place of publication, distribution, etc. Bratislava
Name of publisher, distributor, etc. Motýľ
Date of publication, distribution, etc. 1992
300 ## - PHYSICAL DESCRIPTION
Extent 366 strán
Dimensions 21 cm
655 #7 - INDEX TERM--GENRE/FORM
Genre/form data or focus term nemecké romány
Source of term SNKPH
655 #7 - INDEX TERM--GENRE/FORM
Genre/form data or focus term psychologické romány
Source of term SNKPH
700 1# - ADDED ENTRY--PERSONAL NAME
Personal name Juríčková, Viera,
Dates associated with a name 1938-2017
Relationship trl
700 1# - ADDED ENTRY--PERSONAL NAME
Personal name Smidová, Silvia,
Dates associated with a name 1947-
Relationship trl
942 ## - ADDED ENTRY ELEMENTS (KOHA)
Source of classification or shelving scheme Dewey Decimal Classification
Koha item type Krásna literatúra pre dospelých
Suppress in OPAC No
Holdings
Stav vyradenia Strata Poškodenie Spôsob nadobudnutia Domovská knižnica Aktuálna knižnica Dátum nadobudnutia Total checkouts Čiarový kód exemplára Date last seen Typ exemplára
      Dar Obecná knižnica Horná Štubňa Obecná knižnica Horná Štubňa 27.03.2026   4736201987 27.03.2026 Krásna literatúra pre dospelých
Projekt je podporený Slovenskou asociáciou knižníc
Prevádzkuje Turčianska knižnica Martin 2026